Movies Quiz

Random Movies or Quote Quiz

Leslie Nielsen Movies by Quotes Quiz Stats

 Plays Quiz Updated Feb 18, 2020

Support Sporcle.
Go Orange.
Score 0/25 Timer 08:00
0 Plays Today
quote movie % Correct
I am serious, and don't call me Shirley.Airplane
98.4%
No matter how silly the idea of having a queen might be to us, as Americans, we must be gracious and condiderate hosts.The Naked Gun
46.7%
She had a full set of curves, and the kind of legs you'd like to suck on for a day.The Naked Gun
36.4%
The life of everyone on board depends upon just one thing: finding someone back there who can not only fly this plane, but who didn't have fish for dinner.Airplane
34.5%
The truth hurts, doesn't it, Hapsburg? Oh sure, maybe not as much as landing on a bicycle with the seat missing, but it hurts! The Naked Gun 2 1/2
31.6%
But I like my sex the way I play basketball, one-on-one with as little dribbling as possible. The Naked Gun 33 1/3
28.1%
Like a midget at a urinal, I was gonna have to stay on my toes.The Naked Gun 33 1/3
25.5%
Blowing away a fleeing suspect with my 44 magnum used to mean everything to me, I enjoyed it, well who wouldn't?The Naked Gun 2 1/2
25.4%
Like a blind man at an orgy, I was gonna have to feel my way through.The Naked Gun 33 1/3
23.6%
Children of the night...what a mess they make.Dracula: Dead and Loving It
22.9%
You take a chance getting up in the morning, crossing the street, or sticking your face in a fan.The Naked Gun
22.1%
All I know is never bet on the white guy.The Naked Gun 2 1/2
17.7%
You're excited? You should feel my nipples. Scary Movie 3
10.7%
quote movie % Correct
I wonder what President Ford would have done. Scary Movie 3
8.4%
I'll deal with that later. Right now I want to find out what happens to the duck. Scary Movie 4
8.2%
No, crazy is walking down the street with half a cantaloupe on your head, muttering 'I'm a hamster, I'm a hamster.' Spy Hard
7.4%
Women and me are like fire and water; wet and flammable.Wrongfully Accused
5.7%
Your lies are like bananas, they come in big yellow bunches.Wrongfully Accused
4.5%
That's right isn't it? Signal yes by shooting yourself in the head three times.Wrongfully Accused
4.3%
Ugliest child I've ever seen!Mr. Magoo
3.9%
I've been like a father to you! I raised you, just like your father did! I believed in you, just like your father did! I slept with your mother, just like your father did.Superhero Movie
2.8%
We're all part monsters in our subconscious, so we have laws and religion!Forbidden Planet
2.3%
You want an easy ride? Go play a bonspiel for the gutless. You want the Golden Broom, then find your spine. Men with Brooms
2.1%
Luke, remember, when you fall on your face you're still moving forward. Repossessed
1.3%
It's Showtime! Creepshow
1.2%

You're not logged in!

Compare scores with friends on all Sporcle quizzes.
OR
Log In

From the Vault

'Star Wars: Episode III' Start to Finish

by Thebiguglyalien

You'll probably figure out all the answers based on the memes alone.
Remove Ads.
Support Sporcle.
Get the best of Sporcle when you Go Orange. This ad-free experience offers more features, more stats, and more fun while also helping to support Sporcle. Thank you for becoming a member.

Show Comments

Extras

Top Quizzes Today


Score Distribution

Your Account Isn't Verified!

In order to create a playlist on Sporcle, you need to verify the email address you used during registration. Go to your Sporcle Settings to finish the process.

Report this User

Report this user for behavior that violates our Community Guidelines.

Details: